000 00378nam a2200145Ia 4500
008 100122s9999 xx 000 0 und d
082 _b34456
_a923.247
100 _aULAM A B
245 _aSTAKIN- THE MAN AND HIS ERA
260 _bTHE VIKING PRESS
_c1905
300 _a760
630 _aSTAKIN- THE MAN AND HIS ERA
730 _aSTAKIN- THE MAN AND HIS ERA
942 _cBOOK
999 _c370814
_d370811